|
|
|
|
| LEADER |
00000nam0a2200000 4500 |
| 001 |
26033 |
| 005 |
20231030201420.0 |
| 010 |
|
|
|a 5217013532
|
| 035 |
|
|
|a (RuTPU)RU\TPU\book\26273
|
| 035 |
|
|
|a BOOK00000190
|
| 090 |
|
|
|a 26033
|
| 100 |
|
|
|a 20011209d1992 k y0rusy50 ca
|
| 101 |
0 |
|
|a rus
|
| 102 |
|
|
|a RU
|
| 105 |
|
|
|a a z 000zy
|
| 200 |
1 |
|
|a Моделирование и оптимизация характеристик высокооборотных насосных агрегатов
|f Б. В. Овсянников, Н. С. Яловой
|
| 210 |
|
|
|a Москва
|c Машиностроение
|d 1992
|
| 215 |
|
|
|a 252 с.
|c ил.
|
| 610 |
1 |
|
|a насосы
|
| 610 |
1 |
|
|a насосные агрегаты
|
| 610 |
1 |
|
|a характеристика
|
| 610 |
1 |
|
|a моделирование
|
| 610 |
1 |
|
|a оптимизация
|
| 610 |
1 |
|
|a высокий оборот
|
| 675 |
|
|
|a 621.67
|v 3
|
| 700 |
|
1 |
|a Овсянников
|b Б. В.
|g Борис Викторович
|
| 701 |
|
1 |
|a Яловой
|b Н. С.
|g Николай Степанович
|
| 801 |
|
0 |
|a RU
|b 63413507
|c 20011209
|g PSBO
|
| 801 |
|
2 |
|a RU
|b 63413507
|c 20090716
|g PSBO
|
| 942 |
|
|
|c BK
|